[Event "Almaty Fizmat op"]
[Site "Almaty"]
[Date "2021.10.09"]
[Round "5"]
[White "Igen, Amir"]
[Black "Suleimen, Ergali"]
[Result "1-0"]
[WhiteElo "1934"]
[BlackElo "1686"]
[PlyCount "95"]
[EventDate "2021.10.08"]
[EventType "swiss (rapid)"]
[EventRounds "9"]
[EventCountry "KAZ"]
[SourceTitle "EXT 2023"]
[Source "ChessBase"]
[SourceDate "2022.10.05"]
[SourceVersion "1"]
[SourceVersionDate "2022.10.05"]
[SourceQuality "1"]

1. d4 Nf6 2. c4 g6 3. Nc3 d5 4. cxd5 Nxd5 5. e4 Nxc3 6. bxc3 Bg7 7. Nf3 c5 8. Rb1 Nc6 9. d5 Ne5 10. Nxe5 Bxe5 11. Qd2 0-0 12. Be2 e6 13. c4 f5 14. exf5 exf5 15. 0-0 b6 16. Bd3 Qd6 17. Re1 Bxh2+ 18. Kh1 Be5 19. Rxe5 Qxe5 20. Bb2 Qd6 21. Qc3 Qe7 22. Re1 Qh4+ 23. Kg1 Qd4 24. Qd2 Qh4 25. g3 Qd8 26. Qc3 Qf6 27. Qxf6 Rxf6 28. Bxf6 Kf7 29. Bc3 Bd7 30. Kg2 a6 31. Rb1 Rb8 32. Ba5 b5 33. Bc7 bxc4 34. Bxb8 cxd3 35. Rd1 c4 36. Be5 Ba4 37. Rd2 g5 38. Kf3 h5 39. Ke3 f4+ 40. gxf4 g4 41. Kd4 Bb5 42. f5 h4 43. Kc3 Bd7 44. Kxc4 Bxf5 45. Kd4 Ke7 46. Ke3 h3 47. Rxd3 Bxd3 48. Kxd3 1-0

[Event "Almaty op"]
[Site "Almaty"]
[Date "2019.10.10"]
[Round "5"]
[White "Kairbekova, Amina"]
[Black "Igen, Amir"]
[Result "1-0"]
[WhiteElo "2096"]
[BlackElo "1934"]
[PlyCount "97"]
[EventDate "2019.10.07"]
[EventType "swiss"]
[EventRounds "9"]
[EventCountry "KAZ"]
[SourceTitle "EXT 2020"]
[Source "ChessBase"]
[SourceDate "2019.10.17"]
[SourceVersion "1"]
[SourceVersionDate "2019.10.17"]
[SourceQuality "1"]

1. e4 c5 2. Nf3 d6 3. d4 cxd4 4. Nxd4 Nf6 5. Nc3 Nc6 6. Nb3 e6 7. g4 d5 8. g5 Nxe4 9. Nxe4 dxe4 10. Qxd8+ Nxd8 11. Bg2 Bd7 12. Bxe4 Bc6 13. Bxc6+ Nxc6 14. Ke2 0-0-0 15. Be3 g6 16. c3 Bg7 17. Rad1 Rxd1 18. Rxd1 h6 19. h4 h5 20. Nc5 Bf8 21. Ne4 Be7 22. b4 b6 23. b5 Na5 24. c4 Nb7 25. a4 Rd8 26. Rc1 Kb8 27. Rc3 Rc8 28. Bd4 Bb4 29. Be5+ Ka8 30. Rf3 Nd8 31. Kd3 Be7 32. Rf4 Bb4 33. Rf3 Be7 34. Kd4 a6 35. Bg3 Ka7 36. Bd6 Bxd6 37. Nxd6 Rc7 38. Ke5 a5 39. Kf6 Rd7 40. Ke5 Kb8 41. Rf4 Kc7 42. Ne8+ Kc8 43. Nd6+ Kc7 44. Ne8+ Kc8 45. Kf6 Ra7 46. Nd6+ Kb8 47. Kg7 e5 48. Rf6 Ne6+ 49. Kg8 1-0

[Event "Moscow ACF Botvinnik Memorial"]
[Site "Moscow"]
[Date "2018.08.12"]
[Round "5.3"]
[White "Igen, Amir"]
[Black "Tologontegin, Semetey"]
[Result "0-1"]
[WhiteElo "1778"]
[BlackElo "2419"]
[PlyCount "82"]
[EventDate "2018.08.10"]
[EventType "team-swiss"]
[EventRounds "7"]
[EventCountry "RUS"]
[SourceTitle "CBM 186 Extra"]
[Source "ChessBase"]
[SourceDate "2018.08.24"]
[SourceVersion "1"]
[SourceVersionDate "2018.08.24"]
[SourceQuality "1"]
[WhiteTeam "Kazakhstan"]
[BlackTeam "Kyrgyzstan"]
[WhiteTeamCountry "KAZ"]
[BlackTeamCountry "KGZ"]

1. d4 Nf6 2. c4 d6 3. Nc3 Bf5 4. Nf3 g6 5. g3 Bg7 6. Bg2 c6 7. 0-0 0-0 8. Re1 Ne4 9. Nh4 Nxc3 10. bxc3 Be6 11. Qd3 Qa5 12. e4 Qa4 13. d5 Bc8 14. Be3 Nd7 15. f4 c5 16. Nf3 Nb6 17. Nd2 e6 18. Bf2 e5 19. fxe5 Bxe5 20. Nf3 Nxc4 21. Nd2 Nxd2 22. Qxd2 Bd7 23. Be3 b5 24. Bf4 Rae8 25. Rf1 f6 26. Rf2 g5 27. Bxe5 Rxe5 28. Raf1 Kg7 29. h4 h6 30. hxg5 hxg5 31. Qe2 Qa5 32. Qh5 Qxc3 33. Rxf6 Rxf6 34. Rxf6 Kxf6 35. Qh6+ Ke7 36. Qg7+ Kd8 37. Qh8+ Kc7 38. Qa8 Qd4+ 39. Kh2 c4 40. Qh8 Rxe4 41. Qh5 Re8 0-1